Svenska städer på en karta - Statistics

General Stats
  • This quiz has been taken 267 times
  • The average score is 15 of 20
Answers on the Map
Answers color-coded by a green-red scale on the quiz's map according to % correct below.
 
Answer Stats
Answer % Correct
Malmö
90%
Stockholm
88%
Kiruna
87%
Göteborg
84%
Visby
83%
Uppsala
81%
Kalmar
78%
Halmstad
75%
Umeå
75%
Linköping
74%
Gävle
73%
Luleå
73%
Växjö
72%
Karlstad
70%
Örebro
70%
Östersund
69%
Jönköping
68%
Sundsvall
68%
Borlänge
61%
Eskilstuna
53%
No matching quizzes found
Score Distribution
Percent of People with Each Score
Percentile by Number Answered
Your Score History
You have not taken this quiz